000 00515nam a22001817a 4500
003 NUST - PNEC
005 20170116181037.0
008 150919b xxu||||| |||| 00| 0 eng d
020 _a013770181025
040 _cLIBRARY
082 _a621.56 AIR
100 _911437
_aAir-conditioning and refrigeration institute
245 _aRefrigeration & air-conditioning
_cAir-conditioning & Refrigeration Institute
250 _a2nd ed.
260 _cc.1979
650 _911443
_aAir-conditioning
_xEE
942 _2ddc
_cBK
999 _c67967
_d67967